Word Ladder: Phoenix Suns (2011) Quiz Stats

 Plays Quiz Updated Nov 29, 2013

Support Sporcle.
Go Orange.
Score 0/20 Timer 03:00
2 Plays Today
Clue Answer % Correct
Where Cinderella lost her slipperBALL
93.2%
Unit of hayBALE
91%
There are three in a yardFEET
86.6%
Had in one's handHELD
85.3%
Worry excessivelyFRET
84.5%
Without chargeFREE
84.4%
Pore over a bookREAD
83.7%
War is this, according to William Tecumseh ShermanHELL
83.5%
Proposed lawBILL
81.1%
Place for a kepi or yarmulkeHEAD
77.9%
Clue Answer % Correct
Phoenix Suns #33HILL
76%
Government agents or officialsFEDS
73.9%
CommiesREDS
73.7%
Word with green, tuition and brokerageFEES
72.5%
Phoenix Suns #22REDD
67.5%
Raucous partyBASH
64.9%
PedestalBASE
62.6%
Phoenix Suns #13NASH
60.3%
Phoenix Suns #8FRYE
39.7%
She played Bonnie to Warren's ClydeFAYE
34.6%

Today's Daily Dose

Quick Pick
Nissan Models

Get the Picture
Amazing Trees

From the Vault

Backlit on the Big Screen

by Propellerhead

Movies 7m
Would someone please just turn on the lights?
Remove Ads.
Support Sporcle.
Get the best of Sporcle when you Go Orange. This ad-free experience offers more features, more stats, and more fun while also helping to support Sporcle. Thank you for becoming a member.

Show Comments

Extras

Top Quizzes Today


Score Distribution

Your Account Isn't Verified!

In order to create a playlist on Sporcle, you need to verify the email address you used during registration. Go to your Sporcle Settings to finish the process.

Report this User

Report this user for behavior that violates our Community Guidelines.

Details: